| 000 | 00636nam a2200145Ia 4500 | ||
|---|---|---|---|
| 008 | 170221s9999 xx 000 0 und d | ||
| 100 | _aAssel Bakirovna Akpayeva | ||
| 245 | _aSpecifics of Educational Activity Anti-motivation in Future Teachers Subject to the Training Period | ||
| 245 | _cAssel Bakirovna Akpayeva, Natalia Valentinovna Ivanova, Tatiana Ivanovna Luchina, Elena Viktorovna Minaeva, Elena Alexandrovna Zhestkova | ||
| 260 | _bInternational Review of Management and Marketing | ||
| 260 | _cNovember 2012 | ||
| 300 | _a1:2 | ||
| 650 | _xMarketing. | ||
| 856 | _uhttp://www.econjournals.com/index.php/irmm/issue/view/75 | ||
| 999 |
_c310384 _d310384 |
||